LEADER 01965nas 2200421 n 450 001 990008915460403321 005 20240229084343.0 011 $a1126-7496 035 $a000891546 035 $aFED01000891546 035 $a(Aleph)000891546FED01 035 $a000891546 091 $2CNR$aP 00051466 100 $a20090724b19511959km-y0itaa50------ba 101 0 $aita 102 $aIT 110 $aauu-------- 200 1 $aBanca e credito agrario 207 1$a1951-1959 210 $aSassari$c[s.n.] 326 $aTrimestrale 530 0 $aBanca e credito agrario 675 $a336.7 675 $a63 712 02$aIstituto di credito agrario per la Sardegna 801 0$aIT$bACNP$c20090723 859 4 $uhttp://acnp.cib.unibo.it/cgi-ser/start/it/cnr/dc-p1.tcl?catno=34966&person=false&language=ITALIANO&libr=&libr_th=unina1$zBiblioteche che possiedono il periodico 901 $aSE 912 $a990008915460403321 958 $aBiblioteca. Dipartimento Matematico Statistico dell'Università Federico II. Napoli$b1951-1952;1954-1955;$c1951;1955;$eDS$fMAS 958 $aBiblioteca Centrale della Facoltà di Giurisprudenza dell'Università di Napoli Federico II$b1951-1959.$ePer. est. 328$fFGBC 959 $aMAS 959 $aFGBC 996 $aBanca e credito agrario$9799902 997 $aUNINA AP1 8 $6866-01$aNA036 Biblioteca. Dipartimento Matematico Statistico dell'Università Federico II. Napoli$bDS$cCDD 332.5$eV. Cintia-Complesso Universitario Monte, 80126 S. Angelo Napoli (NA)$m(081) 675175/76 - 081675011$m081675009$nit AP1 8 $6866-02$aNA073 Biblioteca Centrale della Facoltà di Giurisprudenza dell'Università di Napoli Federico II$bPer. est. 328$eCorso Umberto I, 80138 Napoli (NA)$m0812537531/33$m0812537532$nit AP2 40$aacnp.cib.unibo.it$nACNP Italian Union Catalogue of Serials$uhttp://acnp.cib.unibo.it/cgi-ser/start/it/cnr/df-p.tcl?catno=34966&language=ITALIANO&libr=&person=&B=1&libr_th=unina&proposto=NO LEADER 05099nam 22006735 450 001 9911046541103321 005 20251115120408.0 010 $a9783032053893 024 7 $a10.1007/978-3-032-05389-3 035 $a(CKB)43368454700041 035 $a(MiAaPQ)EBC32420039 035 $a(Au-PeEL)EBL32420039 035 $a(DE-He213)978-3-032-05389-3 035 $a(OCoLC)1561094505 035 $a(EXLCZ)9943368454700041 100 $a20251115d2025 u| 0 101 0 $aeng 135 $aur||||||||||| 181 $ctxt$2rdacontent 182 $cc$2rdamedia 183 $acr$2rdacarrier 200 10$aAcid Attacks in India $eRepresentations of Survivors and Their Recovery /$fby Shalini Mittal, Tushar Singh 205 $a1st ed. 2025. 210 1$aCham :$cSpringer Nature Switzerland :$cImprint: Palgrave Macmillan,$d2025. 215 $a1 online resource (268 pages) 225 1 $aPalgrave Studies in Risk, Crime and Society,$x2946-2525 311 08$a9783032053886 327 $a -- 1. The Scourge of Acid Attack: History, Motives and Weaponization -- 2.From Page to Screen: Dissecting the Acid Attack Story in Different Media Forms -- 3.Corrosive Narratives: Exploring the Precarity of Acid Attack Victims in Literature -- 4.Etched in Flesh, Engraved in Soul: The Devastating Duality of Acid Attack Trauma -- 5.Through a distorted lens: Unmasking cognitive biases of acid attack victims -- 6.Beyond the Burn: Resilience and Coping in the Face of Trauma of Acid Attack -- 7.Mending the Mind: A Journey of Psychological Rehabilitation -- 8. Metamorphosis: Transforming Scars into Stories of Triumph -- 9.Empowering Resilience: Strategies for Prevention and Support in Acid Attack Cases -- 10.Towards a Safer Future: Concluding Reflections, Future Research, and Policy Priorities. 330 $aThis book delves into the devastating depths of acid attacks in India, unveiling the motives, the trauma, and the arduous road to rehabilitation. Unravelling the history and gendered aspects of acid violence, this book looks into the effects it leaves on individuals and society. It explores the complex motives driving attackers, from spurned love to property disputes, and dissects the weaponization of acid ? a readily available item. Moving beyond sensationalized news headlines, it examines the nuanced portrayals of acid attacks in the media, from documentaries to memes, and exposes the cognitive biases that victimize survivors. Through extensive interviews and rigorous scientific analysis, this book explores the physical and psychological effects on the individual but also their resilience. Through powerful stories of coping, psychological rehabilitation, and post-traumatic growth, it delves into a model of rehabilitation based on extensive research, offering survivors hope. In order to aid future crime prevention, it profiles acid attack offenders, seeking to understand what fuels their actions. It critically examines the legal framework, analysing existing laws and advocating for stronger measures to combat this violence. It includes a section, ?Reclaiming Your Strength?, which empowers survivors with a comprehensive guide with support and resources, and speaks to NGOs, protection officers and mental health professionals. Shalini Mittal is Assistant Professor of Psychology at Bennett University, India, and researches trauma, resilience, and gender-based violence, focusing on marginalized communities. Holding a PhD from Banaras Hindu University, she combines fieldwork with survivor advocacy, partnering with NGOs to bridge research and real-world change, amplifying voices often silenced by stigma. Tushar Singh is Professor in the Department of Psychology at Banaras Hindu University, India. He earned his DPhil in Psychology from the University of Allahabad. Dr. Singh has worked extensively on health, emotion, and cognition, and advocates for the rights of gender and social minorities. He has received prestigious awards, serves as editor for reputed journals, and has published extensively. 410 0$aPalgrave Studies in Risk, Crime and Society,$x2946-2525 606 $aCrime$xSociological aspects 606 $aCriminal behavior 606 $aVictims of crimes 606 $aCriminology 606 $aCrime and Society 606 $aCriminal Behavior 606 $aVictimology 606 $aCrime Control and Security 606 $aAsian Criminology 606 $aCriminology in the Global South 615 0$aCrime$xSociological aspects. 615 0$aCriminal behavior. 615 0$aVictims of crimes. 615 0$aCriminology. 615 14$aCrime and Society. 615 24$aCriminal Behavior. 615 24$aVictimology. 615 24$aCrime Control and Security. 615 24$aAsian Criminology. 615 24$aCriminology in the Global South. 676 $a362.880820954 700 $aMittal$b Shalini$01872055 801 0$bMiAaPQ 801 1$bMiAaPQ 801 2$bMiAaPQ 906 $aBOOK 912 $a9911046541103321 996 $aAcid Attacks in India$94481102 997 $aUNINA